La Auditoría ambiental, un nuevo enfoque profesional (Registro nro. 16878)

Detalles MARC
000 -LEADER
fixed length control field 00394 a2200121 4500
001 - CONTROL NUMBER
control field ART_7509
005 - DATE AND TIME OF LATEST TRANSACTION
control field 20260410161720.0
008 - FIXED-LENGTH DATA ELEMENTS--GENERAL INFORMATION
fixed length control field 260409a
100 1# - MAIN ENTRY--PERSONAL NAME
Personal name Fronti de García, Luisa
245 10 - TITLE STATEMENT
Title La Auditoría ambiental, un nuevo enfoque profesional
700 1# - ADDED ENTRY--PERSONAL NAME
Personal name D´Onofrio, Paula Alejandra
773 0# - HOST ITEM ENTRY
Title Contabilidad y auditoría
Related parts - Año 9, Nº 18 (dic. 2003)
Record control number REV1723

No hay ítems disponibles.